QUEST Central Library Banner

Hotel Management System. (Record no. 58515)

MARC details
000 -LEADER
fixed length control field 00564nam a2200181Ia 4500
082 ## - DEWEY DECIMAL CLASSIFICATION NUMBER
Classification number R/5BS(CS)12
100 ## - MAIN ENTRY--AUTHOR NAME
Personal name Abdul Samad Tunio
100 ## - MAIN ENTRY--AUTHOR NAME
Personal name Roll No. 12BS(CS)21
100 ## - MAIN ENTRY--AUTHOR NAME
Personal name Supervisor - Mr. Asghar Ali Chandio
245 #0 - TITLE STATEMENT
Title Hotel Management System.
260 ## - PUBLICATION, DISTRIBUTION, ETC. (IMPRINT)
Place of publication Nawabshah
Name of publisher QUEST
Year of publication 2016
300 ## - PHYSICAL DESCRIPTION
Number of Pages 50p
700 ## - ADDED ENTRY--PERSONAL NAME
Personal name Neelam-un-Nisai Tunio (Roll No. 12BS(CS)04)
700 ## - ADDED ENTRY--PERSONAL NAME
Personal name Gulshan Aara Razak (Roll No. 12BS(CS)15)
700 ## - ADDED ENTRY--PERSONAL NAME
Personal name Akhlaque Ahmed Qureshi (Roll No. 12BS(CS)24)
700 ## - ADDED ENTRY--PERSONAL NAME
Personal name Muazam Khan Chandio (Roll No. 12BS(CS)54)
942 ## - ADDED ENTRY ELEMENTS (KOHA)
Koha item type Thesis and Dissertation
Holdings
Withdrawn status Lost status Home library Current library Date acquired Full call number Accession Number Koha item type
    Research Section Research Section 24/04/2018 R/5BS(CS)12 BCSP/13-132 Thesis and Dissertation

Copyright © 2018,The QUEST, Nawabshah, Shaheed Benazirabad. All rights reserved
Mr. G. Farooq Channar (Librarian) QUEST, Nawabshah, Sindh, Pakistan 67480.
 Ph#: |   0244-9370381-4 Ext. 2308   Email| lib@quest.edu.pk   Web|  http://www.quest.edu.pk